Harrison Sugarman

Brandeis B


Categories

History - American History040240117120.0024
Other0200209999.0022
History - Other History020020136136.0002
Religion010110129129.0001
Philosophy000000.0000
Literature - European Literature000000.0000
Literature - World Literature000000.0000
History - European History0010-50.0000
Social Science0020-100.0000
Mythology0020-100.0000
Science - Biology0020-100.0000

Buzzes

MythologySekhmet-575
MythologySekhmet-575
Social Scienceheterosexuality-584
Social Scienceheterosexuality-584
Otherstargazing1099
Otherstargazing1099
History - American HistoryIraq10117
History - American HistoryIraq10117
Science - Biologyinfected by a virus-5119
Science - Biologyinfected by a virus-5119